000 00667nam a22002177a 4500
003 UA-OsUOA
001 97569
007 ta
008 20130403b un ||||| |||| 00| 0 ukr d
100 _aСкубенко Т.
090 _a82
_bС46
942 _cSA
040 _aUA-OsUOA
_bukr
_cUA-OsUOA
_dUA-OsUOA
245 _aНатхненна доба європейського Відроджея. Скарби культури Ренесансу
300 _aС.37
955 _a0
041 _aukr
080 _a82
773 0 _w97566
_tСвітова література
_dК.
_d2013
_g5
650 7 _a82 Література. Літературознавство
_2UDC
999 _c383814
_d383814